000 00694nam a2200265Ia 4500
003 OSt
005 20221005093852.0
006 a|||||r|||| 00| 0
007 ta
008 221004b |||||||| |||| 00| 0 eng d
020 _a8174362800
024 _a77784
037 _cTextual
040 _aCRL
_cCRL
_beng
041 _2eng
_aeng
082 _aY73(P15)-15:88, P3
100 _aBanerjee Mukulika
_922839
245 0 _aSari
260 _aOxford
_bBerg Publishers
_c2003
300 _a277p.
_ccm.
650 _aSOCIOLOGY
700 _a Miller Daniel
942 _hY73(P15)-15:88, P3
_cTEXL
_2cc
999 _c1001035
_d1001035